=LDR 00000nam 2200000 4500 =001 INLIS000000000009387 =005 20231001011909 =035 ##$$a 0010-0923000081 =007 ta =008 231001################|##########|#|## =082 ##$$a (R)2023 LKKP-OSP 818 =084 ##$$a (R)2023 LKKP-OSP 818 ALB l =100 1#$$a Alby, Muhammad =245 1#$$a Laporan Kuliah Kerja Praktek PT. Lakawan**** : $b Kuliah Kerja Praktek /$c Muhammad Alby (20OSP502) =250 ##$$a 2023 =260 ##$$a Makassar :$b Politeknik ATI Makassar - Otomasi Sistem Permesinan,$c 2023 =300 ##$$a viii + 30 Halaman : $b Tabel;Gambar ; $c 20,5 x 29,5 cm.$e Bibliografi;Lampiran =650 #4$$a Laporan Praktek OSP 2023 =856 ##$$a OPAC (LKKP OSP 2023) =990 ##$$a 189/LKKP OSP 2023